Rekonstrukcja dawnych wawelskich pieców kaflowych

Titel: Rekonstrukcja dawnych wawelskich pieców kaflowych / Maria Piątkiewicz-Dereniowa
Verfasser:
In: Biuletyn historii sztuki,
alle Artikel anzeigen
Veröffentlicht: Warszawa : Państwowy Instytut Sztuki, 1960
Format: Aufsatz
Sprache: Polnisch
Schlagworte:
Vorliegende Ausgabe: Online-Ausgabe Heidelberg: Universitätsbibliothek Heidelberg, 2018.
Kein Bild verfügbar
X
alg: 47276422
001A    $06055:21-11-20 
001B    $03025:18-02-25 $t10:51:19.000 
001D    $06055:21-11-20 
001U    $0utf8 
001X    $00 
002@    $0Oox 
002C    $aText $btxt $2rdacontent 
002D    $aComputermedien $bc $2rdamedia 
002E    $aOnline-Ressource $bcr $2rdacarrier 
003@    $0472764225 
004P    $010.11588/diglit.41527.65 $SV98 
004U    $0urn:nbn:de:bsz:16-diglit-415274 $SV98 
007A    $0472764225 $aHEB 
007I    $0HHB-508180716 
007I    $0HHB-1578180716 
009Q    $SV98 $uhttps://digi.ub.uni-heidelberg.de/diglit/bhs1960/0344 $xH 
010@    $apol 
011@    $a1960 
011B    $a2018 
021A    $aRekonstrukcja dawnych wawelskich pieców kaflowych $hMaria Piątkiewicz-Dereniowa 
028A    $#Dereniowa, Maria Piątkiewicz- $#Piątkiewicz-Łęska, Maria $#Łęska, Maria Piątkiewicz- $#Piątkiewicz, Maria $713065549X $8Piątkiewicz-Dereniowa, Maria$Z1925-2002 [Tp1] $9135027667 
033A    $pWarszawa $nPaństwowy Instytut Sztuki 
033N    $pHeidelberg $nUniversitätsbibliothek Heidelberg 
037A    $aElektronische Reproduktion der Druckausgabe 
037A    $aEnthalten in: 22(1960), Seite 331-332 
037G    $aOnline-Ausgabe 
039B    $aEnthalten in $8--Obvc--. Biuletyn historii sztuki. - Warszawa : [Verlag nicht ermittelbar], 1950-2018. - DOI 10.11588/diglit.34474. - urn:nbn:de:bsz:16-diglit-344741 $9403709342 
044K    $RPaństwowe Zbiory Sztuki na Wawelu $#Wawel Royal Castle $#Königsschloss auf dem Wawel - Staatliche Kunstsammlungen $#Königliches Schloss auf dem Wawel - Staatliche Kunstsammlungen $#Museum des Königsschlosses auf dem Wawel - Staatliche Kunstsammlungen $#Schlossmuseum Krakau - Staatliche Kunstsammlungen $#Wawel-Schloss-Museum - Staatliche Kunstsammlungen $#Wawel Royal Castle - State Art Collection $#Wawel Royal Castle Museum - State Art Collection $#Zbiory Sztuki na Wawelu $#Zbiory Wawelskie $75193249-0 $8Zamek Królewski na Wawelu - Państwowe Zbiory Sztuki [Tb1] $9051260697 
045T    $aKUNST $qDE-16 $2FID 

lok: 47276422 3

exp: 47276422 3 1 #EPN
201B/01 $024-11-20 $t22:49:05.132 
201C/01 $024-11-20 
201U/01 $0utf8 
203@/01 $01131221710 
204P/01 $010.11588/diglit.41527.65 $SV98 
208@/01 $a24-11-20 $bl 

lok: 47276422 78

exp: 47276422 78 1 #EPN
201B/01 $018-02-25 $t10:51:19.000 
201C/01 $018-02-25 
201U/01 $0utf8 
203@/01 $01293059595 
208@/01 $a18-02-25 $be 
209A/01 $a/ $f000 $x00 
209A/01 $ab*p $x01 
220C/01 $aeja 
244Z/01 $#Generalgouvernement Polen $#Polska $#Rzeczpospolita Polska $#Polska Rzeczpospolita Ludowa $#Poland $#Pologne $#République Polonaise $#Generalne Gubernatorstwo w Polsce $#Polish People's Republic $#Polska Rzeczpospolita Polen $#PRL $#RP $#Polen Generalgouvernement $#Polska Generalgouvernement $#Besetzte Polnische Gebiete $#Besetztes Gebiet in Polen $#Okupowane Polskie Obszary $#Obszary Okupowane w Polsce $#Volksrepublik Polen $#Polska Rosyjska $#Republic Polen $#Respublika Pol'ša $#Pol'skaja Narodnaja Respublika $#République de Pologne $#Polen Links der Weichsel $#Polska po Lewej Stronie Wisły $#Lenkija $#Polija $#Gubernija Carstva Pol'skago $#Republik Polen $74046496-9 $8--Tg1--Polen $x01 $9085129801 
247C/01 $82080>Marburg/Lahn, Herder-Institut, Forschungsbibliothek, Bibliographieportal $9336309341
LEADER 00000caa a22000002c 4500
001 472764225
003 DE-603
005 20250218105119.0
007 cr||||||||||||
008 201121s1960 xx |||| o| u00||u|pol c
024 7 |a 10.11588/diglit.41527.65  |2 doi 
024 7 |a urn:nbn:de:bsz:16-diglit-415274  |2 urn 
035 |a (DE-599)HEB472764225 
040 |a DE-603  |b ger  |c DE-603  |d DE-603 
041 |a pol 
084 |a KUNST  |q DE-16  |2 fid 
100 1 |a Piątkiewicz-Dereniowa, Maria  |d 1925-2002  |0 (DE-603)135027667  |0 (DE-588)13065549X  |2 gnd 
245 0 0 |a Rekonstrukcja dawnych wawelskich pieców kaflowych  |c Maria Piątkiewicz-Dereniowa 
264 1 |a Warszawa  |b Państwowy Instytut Sztuki  |c 1960 
336 |a Text  |b txt  |2 rdacontent 
337 |a Computermedien  |b c  |2 rdamedia 
338 |a Online-Ressource  |b cr  |2 rdacarrier 
500 |a Elektronische Reproduktion der Druckausgabe 
500 |a Enthalten in: 22(1960), Seite 331-332 
530 |a Online-Ausgabe 
533 |b Heidelberg  |c Universitätsbibliothek Heidelberg  |d 2018  |7 s2018uuuuxx u| 
610 1 7 |a Zamek Królewski na Wawelu - Państwowe Zbiory Sztuki  |2 gnd  |0 (DE-588)5193249-0  |0 (DE-603)051260697 
773 0 8 |i Enthalten in  |t Biuletyn historii sztuki  |d Warszawa : [Verlag nicht ermittelbar], 1950-2018  |o 10.11588/diglit.34474  |o urn:nbn:de:bsz:16-diglit-344741  |w (DE-603)403709342  |w (DE-600)2895336-8 
856 |u https://digi.ub.uni-heidelberg.de/diglit/bhs1960/0344  |x Verlag 
924 1 |9 603  |a (DE-603)1131221710  |b DE-603  |c HES  |d d 
924 1 |9 2080  |a (DE-603)1293059595  |b DE-2080  |c HES  |d d  |g /